000 00475nam a22001817a 4500
003 CEME
005 20210628203139.0
008 210223b xxu||||| |||| 00| 0 eng d
020 _a0-7680-0753-4
040 _c.
082 _a629.2-SAE ENG
100 _aSae
_922016
245 _aSi engine modeling and simulation, sp-1606
260 _aUSA
_bSAE PUBLICATIONS
_c2001
300 _a157P
650 _aSI ENGINE MODELING AND SIMULATION, SP-1606
_963622
942 _cBK
_2ddc
999 _c572380
_d572380